01925nam a2200493 i 450000100060000000300020000600500170000800600190002500700150004400800410005902000270010002000180012703500230014503500240016803500250019203500210021704000310023805000230026908000160029208200140030824501540032226400440047630000250052033600310054533700330057633800430060949000590065258801280071159001640083965000220100365000260102565000270105165000280107865000260110665000270113265500270115970000410118670000350122779700190126283000600128185600620134194200110140399900170141477147020241217151345.0m o d | cr cnu||||||||140228s2011 sp o 000 0 spa d a9788492681631 (e-book) z9788492681402 a(MiAaPQ)EBC3218114 a(Au-PeEL)EBL3218114 a(CaPaEBR)ebr10832364 a(OCoLC)929731304 aFINmELBbspaerdacFINmELB 4aZ675.S3bM489 2011 a027.8:37.020 a027.822300aMediateca escolar :bun recurso para la innovación educativa /cM® Isabel Valdizán García (coord.) ; M® Sonia Frías González [y otros 3]. 1aBurgos :bUniversidad de Burgos,c2011. a1 recurso en línea atextobtxt2rdacontent/spa acomputadorabc2rdamedia/spa arecurso en líneabcr2rdacarrier/spa1 aEstudios y monografías (Universidad de Burgos) ;v53 aDescripción basada en recurso en línea; Título de la página del título en PDF (e-libro, visto February 28, 2014). aRecurso electrónico. Santa Fe, Arg.: e-libro, 2015. Disponible vía World Wide Web. El acceso puede estar limitado para las bibliotecas afiliadas a e-libro. 0aSchool libraries. 0aEducation, Preschool. 0aEducation, Elementary. 4aEnseñanza preescolar. 4aEnseñanza primaria. 4aBibliotecas escolares. 4aLibros electrónicos.1 aValdizán García, María Isabel.1 aFrías González, M® Sonia.2 ae-libro, Corp. 0aEstudios y monografías (Universidad de Burgos) ;v53.40uhttps://elibro.net/ereader/politecnicointernacional/59477 cLIBROS c77147d77147